000 00507nam a2200181Ia 4500
005 20250326142823.0
008 250326s9999 xx 000 0 und d
037 _aTextbook
040 _aFMSL
_beng
_cFMSL
041 _aeng
_2eng
084 _aX:74 M6
_qFMSL
100 _aGhosh P K
245 0 _aBusiness policy: strategic planning & management
_cGhosh P K
260 _aNew Delhi
_bNew Delhi, Sultan Chand
_c1992
300 _ax,516
942 _cTB
_hX:74 M6
999 _c1296783
_d1296783